| 000 | 00650cam a22002174i 4500 | ||
|---|---|---|---|
| 020 | _a9781625271754 | ||
| 040 | _cDLC | ||
| 082 | 0 | 0 | _a174 HAR 2014 A116 Or. |
| 100 | 1 | _aMackey, John, | |
| 245 | 1 | 0 |
_aConscious capitalism : _bliberating the heroic spirit of business / |
| 250 | _aPaperback [edition]. | ||
| 300 |
_axviii, 344 pages ; _c21 cm. |
||
| 500 | _a"The bestselling book, now with a new preface by the authors"--Cover. | ||
| 650 | 0 | _aSocial responsibility of business. | |
| 650 | 0 | _aBusiness ethics. | |
| 650 | 0 | _aCapitalism | |
| 650 | 0 | _aCorporations | |
| 650 | 0 | _aSocial values. | |
| 700 | 1 | _aSisodia, Rajendra. | |
| 942 | _cAEDBB | ||
| 999 |
_c17517 _d17517 |
||